SNL - Musicians Playing Musicians Quiz Stats

 Plays Quiz Updated Nov 10, 2016

Challenge
Share
Tweet
Score 0/15 Timer 03:00
9 Plays Today
% Correct
Justin Timberlake
as Elton John
96.1%
Mick Jagger as Steven Tyler
94.1%
Sting as Billy Idol
94%
Dave Matthews
as Ozzy Osbourne
91.5%
Jessica Simpson
as Britney Spears
89.8%
Miley Cyrus as Justin Bieber
88.6%
Queen Latifah
as Patti LaBelle
87.8%
Snoop Dogg as Rick James
87.7%
% Correct
Katy Perry
as Christina Aguilera
85.2%
Nick Lachey as Dave Navarro
84.5%
Janet Jackson
as Paula Abdul
84.1%
Adam Levine as Yanni
81.9%
Jennifer Lopez as Rihanna
79.3%
Nicki Minaj as Beyoncé
79.2%
Taylor Swift as Shakira
78%

You're not logged in!

Compare scores with friends on all Sporcle quizzes.
OR
Log In

You Might Also Like...

Show Comments

Extras

Top Quizzes Today


Score Distribution

Your Account Isn't Verified!

In order to create a playlist on Sporcle, you need to verify the email address you used during registration. Go to your Sporcle Settings to finish the process.

Report this User

Report this user for behavior that violates our Community Guidelines.

Details: